000 00293nam a22001337a 4500
008 180130b xxu||||| |||| 00| 0 eng d
020 _a9780071378314
041 _aeng
080 _216th
_a617
100 _a8
101 _aOFT
245 _aGeneral ophthalmology
_cEva,P.R
942 _2udc
_cBK
999 _c41283
_d41283